| 000 | 00624cam a2200241 4500 | ||
|---|---|---|---|
| 001 | J1156 | ||
| 008 | 090401t1992 xxu||||| |||| 00| 0 eng d | ||
| 035 | _a(Sirsi) u42089 | ||
| 041 | _aeng | ||
| 050 | _a333.33 | ||
| 110 |
_aHillier Parker Research _92002 |
||
| 245 | _aProperty research summaries. - November 1992. | ||
| 260 |
_aLondon _bHillier Parker May and Rowden _c1992 |
||
| 300 | _a10p. ; 30cm. | ||
| 350 | _a0 | ||
| 650 | _aPARKING | ||
| 650 | _aPROPERTY INVESTMENT | ||
| 650 | _aRESIDUAL LAND VALUES | ||
| 650 | _aSPAIN | ||
| 690 | _aPROPERTY-COMMERCIAL PROPERTY | ||
| 942 | _n0 | ||
| 948 | _c04/03/1997 | ||
| 999 |
_c91022 _d91022 |
||